Datum a čas kvízu
21
Celkem bodů
Celkový počet nahraných bodů na tomto kvízu bez doplňovacích otázek.
4.
Pořadí na kvízu
Konečné umístění týmu na tomto kvízu.
Zaznamenané odpovědi
| # | Otázka | Odpověď | Body | Výsledky |
|---|---|---|---|---|
| 1. | Minulé pondělí došlo k obnoven... | Družba | 1 | |
| 2. | Bílý dům chtěl po americkém ná... | John McCain | 0 | |
| 3. | Spekulace o obsazení hlavní ro... | Robert Pattinson | 0 | |
| 4. | V úterý byl vyhlášen v České r... | Den daňové svobody | 0 | |
| 5. | Jasně, stručně a výstižně popi... | Nevěděl, jak zápas skončil. | 0 | |
| 6. | Začneme samotným slovem vzduch... | povětří | 0 | |
| 7. | Nedaleko jednoho středočeského... | Čáslav | 1 | |
| 8. | Seřaďte první čtyři vrstvy atm... | 1A 2D 3C 4B | 0 | |
| 9. | Pod čísly 1 a 2 vidíme označen... | okluzní fronta | 1 | |
| 10. | Jak se nazývá dýchací systém n... | vzdušnice | 1 |